Loreto College Library, Kolkata
WEBOPAC (ONLINE PUBLIC ACCESS CATALOGUE)

Instruction in Indian secondary schools (Record no. 39360)

MARC details
000 -LEADER
fixed length control field 00627nam a2200205Ia 4500
005 - DATE AND TIME OF LATEST TRANSACTION
control field 20140709112952.0
008 - FIXED-LENGTH DATA ELEMENTS--GENERAL INFORMATION
fixed length control field 131103s9999 xx 000 0 und d
040 ## - CATALOGING SOURCE
Original cataloging agency Loreto College
041 ## - LANGUAGE CODE
Language code English
082 ## - DDC | ডিউই
Classification number | বর্গসংখ্যা 373
Book Number | গ্রন্থাঙ্ক MAC
245 ## - TITLE STATEMENT | অাখ্যা বিবরণী
Title | অাখ্যা Instruction in Indian secondary schools
Sub title | উপঅাখ্যা a book on school management and methods of teaching
Statement of responsibility | লেখকের দায়িত্বের বিবরণ Edited by E.A.Macnee
250 ## - EDITION STATEMENT | সংস্করণ ক্ষেত্র
Edition statement | সংস্করণ 2nd. ed.rev. & enl.
260 ## - IMPRINT | প্রকাশনা ক্ষেত্র
Place of publication | প্রকাশ স্থান [s.l.]
Name of publisher | প্রকাশকের নাম Oxford University Press
Date of publication | প্রকাশ কাল 1931 (1958 printing)
300 ## - PHYSICAL DESCRIPTION |
Page / Vol. No | পৃষ্ঠা / খন্ড সংখ্যা viii,292 p.
504 ## - BIBLIOGRAPHY, ETC. NOTE
Bibliography, etc Includes index
650 ## - SUBJECT ADDED ENTRY--TOPICAL TERM | বিষয় শিরোনাম - মূল বিষয়
Topical term | মূল বিষয় Secondary Education
700 ## - ADDED ENTRY--PERSONAL NAME | অতিরিক্ত সংলেখ - ব্
Personal name | ব্যাক্তিনাম Macnee, E.A.
Relator code | দায়িত্ব নির্দেশক ed.
850 ## - HOLDING INSTITUTION
Holding institution LCLIB
942 ## - ADDED ENTRY ELEMENTS (KOHA)
Koha item type Books
Holdings
Withdrawn status Lost status Source of classification Damaged status Not for loan Home library Current library Date acquired Total Checkouts Full call number Accession No. Date last seen Price effective from Koha item type
    Dewey Decimal Classification     Loreto College Loreto College 09/07/2014   373 MAC 15065 42803 09/07/2014 09/07/2014 Books